Language teaching

保存先:
書誌詳細
第一著者: Lado, Robert
フォーマット: 図書
言語:Undetermined
出版事項: New York, Estados Unidos McGraw Hill 1964
主題:
タグ: タグ追加
タグなし, このレコードへの初めてのタグを付けませんか!

MARC

LEADER 00000nam a2200000Ia 4500
008 170316s9999 xx 000 0 und d
090 |a 415-I L-1La 
100 |a Lado, Robert 
245 |a Language teaching 
260 |a New York, Estados Unidos 
260 |b McGraw Hill 
260 |c 1964 
300 |a 239 páginas 
650 |a GRAMÁTICA INGLESA 
650 |a ENSEÑANZA DEL LENGUAJE 
650 |a EN IDIOMA INGLÉS 
999 |c 19439  |d 19439 
040 |a cru BVZT 
942 |c 15 D  |h 415-I L-1La  |2 z